[Event "PRO League Group Stage"]
[Site "chess.com INT"]
[Date "2018.02.14"]
[Round "6"]
[White "Tang, Andrew"]
[Black "Nemcova, Katerina"]
[Result "1/2-1/2"]
[WhiteTitle "IM"]
[BlackTitle "WGM"]
[WhiteElo "2513"]
[BlackElo "2315"]
[WhiteTeam "Minnesota Blizzard"]
[BlackTeam "Webster Windmills"]
[WhiteFideId "2059630"]
[BlackFideId "322750"]
[EventDate "2018.01.18"]

1. d4 d5 2. Bf4 Nf6 3. e3 c5 4. Nc3 a6 5. dxc5 Nc6 6. Nf3 Bg4 7. Be2 e6 8. Na4
Ne4 9. Nb6 Ra7 10. c4 Bxc5 11. cxd5 Bb4+ 12. Kf1 Qxb6 13. dxc6 bxc6 14. h3 Rd7
15. Qc2 Nd2+ 16. Kg1 Nxf3+ 17. gxf3 Bh5 18. Rd1 Rxd1+ 19. Qxd1 O-O 20. Kg2 f6
21. e4 Bc5 22. Qb3 Qxb3 23. axb3 e5 24. Rc1 Bd4 25. Be3 Bf7 26. Rxc6 Bxb3 27.
Bxd4 exd4 28. Rd6 a5 29. Rxd4 Rc8 30. f4 Rc2 31. Bd1 Rxb2 32. Rd8+ Kf7 33. Rd7+
Kf8 34. Bxb3 Rxb3 35. Ra7 Rb4 36. Kf3 a4 37. e5 fxe5 38. fxe5 h6 39. Ke3 Rh4 40.
f4 Rxh3+ 41. Ke4 a3 42. f5 Rb3 43. Kd5 Rb5+ 44. Kd6 Rb6+ 45. Kc5 Rb3 46. Kd6
Rb6+ 47. Kd7 Rb3 48. Ra8+ Kf7 49. e6+ Kf6 50. Rf8+ Kg5 51. e7 Rd3+ 52. Ke6 Re3+
53. Kf7 a2 54. Ra8 Re1 55. Rxa2 Kxf5 56. Ra8 g5 57. e8=Q Rxe8 58. Rxe8 g4 59.
Rg8 h5 60. Rh8 Kg5 61. Rg8+ Kf5 62. Rh8 Kg5 63. Rg8+ Kf5 64. Rh8 Kg5 65. Rg8+
Kf5 1/2-1/2

[Event "PRO League Group Stage"]
[Site "chess.com INT"]
[Date "2018.02.14"]
[Round "6"]
[White "Ducarmon, Quinten"]
[Black "Borisek, Jure"]
[Result "1/2-1/2"]
[WhiteTitle "IM"]
[BlackTitle "GM"]
[WhiteElo "2472"]
[BlackElo "2576"]
[WhiteTeam "Amsterdam Mosquitoes"]
[BlackTeam "Ljubljana Turtles"]
[WhiteFideId "1025007"]
[BlackFideId "14603152"]
[EventDate "2018.01.18"]

1. e4 e5 2. Nf3 Nc6 3. d4 exd4 4. Nxd4 Bc5 5. Nb3 Bb6 6. Qe2 a5 7. Be3 a4 8.
N3d2 Bxe3 9. Qxe3 Nf6 10. Nc3 a3 11. b3 O-O 12. Bc4 Nb4 13. O-O-O Re8 14. Qd4
Nc6 15. Qe3 d6 16. h3 Nb4 17. Qf3 c6 18. g4 Qe7 19. g5 Nd7 20. Qg3 Qe5 21. Qxe5
dxe5 22. Nf1 Nc5 23. Ne3 b5 24. Be2 Be6 25. Kb1 Red8 26. h4 Rd4 27. f3 Rad8 28.
Nf5 Rxd1+ 29. Rxd1 Rxd1+ 30. Bxd1 g6 31. Ne3 h6 32. Ka1 hxg5 33. hxg5 Nba6 34.
Nb1 b4 35. Be2 Kf8 36. c3 bxc3 37. Nxc3 Nb4 38. Kb1 Ncd3 39. Nc2 Nxc2 40. Kxc2
Nb4+ 41. Kd2 Ke7 42. Bd1 Kd6 43. Nb1 Nxa2 44. Nxa3 Kc5 45. Kd3 Nb4+ 46. Kc3 Na2+
47. Kd3 Nb4+ 48. Kc3 Na2+ 49. Kd3 1/2-1/2

[Event "PRO League Group Stage"]
[Site "chess.com INT"]
[Date "2018.02.14"]
[Round "6"]
[White "Ducarmon, Quinten"]
[Black "Pavasovic, Dusko"]
[Result "1/2-1/2"]
[WhiteTitle "IM"]
[BlackTitle "GM"]
[WhiteElo "2472"]
[BlackElo "2540"]
[WhiteTeam "Amsterdam Mosquitoes"]
[BlackTeam "Ljubljana Turtles"]
[WhiteFideId "1025007"]
[BlackFideId "14600986"]
[EventDate "2018.01.18"]

1. e4 e5 2. Nf3 Nc6 3. d4 exd4 4. Nxd4 Nf6 5. Nc3 Bb4 6. Nxc6 bxc6 7. Bd3 d6 8.
O-O Ng4 9. h3 Ne5 10. Be2 O-O 11. f4 Nd7 12. Kh2 Re8 13. Bf3 Bb7 14. Bd2 c5 15.
Nd5 Bxd5 16. exd5 Bxd2 17. Qxd2 Qf6 18. c3 Re7 19. Rae1 Rae8 20. Rxe7 Rxe7 21.
g3 h6 22. Re1 Rxe1 23. Qxe1 g5 24. Qe4 Kg7 25. Bg4 Nf8 26. Bf5 Ng6 27. Bxg6 Qxg6
28. f5 Qf6 29. g4 Qe5+ 30. Qxe5+ dxe5 31. Kg2 Kf6 32. Kf3 Ke7 33. Ke4 f6 34. c4
Kd6 35. Kd3 c6 36. dxc6 Kxc6 37. Ke4 1/2-1/2

[Event "PRO League Group Stage"]
[Site "chess.com INT"]
[Date "2018.02.14"]
[Round "6"]
[White "Liang, Awonder"]
[Black "Bykhovsky, Anatoly"]
[Result "1/2-1/2"]
[WhiteTitle "GM"]
[BlackTitle "GM"]
[WhiteElo "2572"]
[BlackElo "2496"]
[WhiteTeam "Pittsburgh Pawngrabbers"]
[BlackTeam "Montclair Sopranos"]
[WhiteFideId "2056437"]
[BlackFideId "2806991"]
[EventDate "2018.01.18"]

1. e4 c5 2. Nf3 e6 3. d4 cxd4 4. Nxd4 a6 5. Bd3 Bc5 6. Nb3 Ba7 7. O-O Nc6 8. Nc3
Nf6 9. Qe2 d6 10. Be3 O-O 11. Bg5 h6 12. Bh4 Ne5 13. Kh1 Ng6 14. Bg3 e5 15. f4
exf4 16. Bxf4 Nxf4 17. Rxf4 Nd7 18. Raf1 Ne5 19. Nd2 b5 20. a4 bxa4 21. Nc4 Be6
22. Ne3 Rb8 23. Nxa4 Qa5 24. b3 Bxe3 25. Qxe3 Bxb3 26. Nb2 Bxc2 27. Nc4 Qc3 28.
Bxc2 Qxc4 29. Bd1 Rb1 30. Kg1 a5 31. R4f2 a4 32. g4 Rxd1 33. Rxd1 Nxg4 34. Qe2
Qe6 35. Rf4 Ne5 36. Rf2 Ra8 37. Rg2 a3 38. Kh1 Ra4 39. Ra1 Ng6 40. Qg4 Qe5 41.
Rga2 Rxe4 42. Qg3 Qd5 43. Rg2 h5 44. Qxa3 Nf4 45. Qa8+ Qxa8 46. Rxa8+ Kh7 47.
Rg1 g6 48. Rb1 d5 49. Kg1 Re7 50. Rf1 Ne6 51. Rd1 Rd7 52. Kf2 Kg7 53. Kf3 Kf6
54. Rb8 Ke5 55. Re1+ Kf5 56. Reb1 g5 57. R8b7 Rxb7 58. Rxb7 f6 59. Rh7 h4 60.
Rd7 Ke5 61. Kg4 f5+ 62. Kh5 d4 63. Re7 d3 64. Rd7 Ke4 65. Rd6 Nd4 66. Ra6 d2 67.
Ra1 Nf3 68. Kg6 Ke3 69. Kxf5 Ke2 70. Kg4 Ke3 71. h3 Ke2 72. Rb1 Kf2 73. Rd1 Ke2
74. Ra1 Ke3 75. Rb1 Ke2 76. Ra1 1/2-1/2

[Event "PRO League Group Stage"]
[Site "chess.com INT"]
[Date "2018.02.14"]
[Round "6"]
[White "Lagarde, Maxime"]
[Black "Thorfinnsson, Bragi"]
[Result "1/2-1/2"]
[WhiteTitle "GM"]
[BlackTitle "IM"]
[WhiteElo "2586"]
[BlackElo "2426"]
[WhiteTeam "Cannes Blockbusters"]
[BlackTeam "Reykjavik Puffins"]
[WhiteFideId "662399"]
[BlackFideId "2300958"]
[EventDate "2018.01.18"]

1. d4 Nf6 2. Nf3 b6 3. Bg5 Ne4 4. Bh4 Bb7 5. Nbd2 d5 6. e3 g6 7. Bb5+ c6 8. Bd3
Nxd2 9. Qxd2 Bg7 10. O-O-O O-O 11. Bg3 c5 12. c3 Nc6 13. h4 h5 14. Ne5 c4 15.
Bc2 b5 16. f4 b4 17. cxb4 a5 18. b5 Nb4 19. Bb1 Rc8 20. a3 Bxe5 21. fxe5 Nd3+
22. Bxd3 cxd3+ 23. Kb1 Qd7 24. Qxd3 Qg4 25. Bf4 Rc4 26. b3 Bc8 27. bxc4 Bf5 28.
c5 Qe2 29. Qxf5 Qxb5+ 30. Kc2 gxf5 31. Rb1 Qc4+ 32. Kd2 Qa2+ 33. Kd3 Qc4+ 34.
Kd2 Qa2+ 35. Kd3 Qxa3+ 36. Ke2 Qa2+ 37. Kf3 Qc2 38. Rhc1 Qe4+ 39. Kf2 Kh7 40. c6
Rc8 41. Rb3 a4 42. Rbc3 e6 43. c7 Kg8 44. Ra1 Kf8 45. Rxa4 Qb1 46. Raa3 Qb2+ 47.
Kg3 Ke7 48. Rab3 Qd2 49. Bg5+ Kd7 50. Bd8 Qe1+ 51. Kh2 Ke8 52. Rc6 Rxd8 53.
cxd8=Q+ Kxd8 54. Rb8+ Kd7 55. Rbc8 Qxh4+ 56. Kg1 Qe1+ 57. Kh2 Qh4+ 58. Kg1 Qe1+
59. Kh2 Qh4+ 1/2-1/2

[Event "PRO League Group Stage"]
[Site "chess.com INT"]
[Date "2018.02.14"]
[Round "6"]
[White "Kulkarni, Rakesh"]
[Black "Abdusattorov, Nodirbek"]
[Result "1/2-1/2"]
[BlackTitle "IM"]
[WhiteElo "2332"]
[BlackElo "2516"]
[WhiteTeam "Mumbai Movers"]
[BlackTeam "Volga Stormbringers"]
[WhiteFideId "5037077"]
[BlackFideId "14204118"]
[EventDate "2018.01.18"]

1. e4 c5 2. c3 d5 3. exd5 Qxd5 4. d4 Nc6 5. Nf3 Bf5 6. Be3 cxd4 7. cxd4 Bxb1 8.
Rxb1 e6 9. a3 Nf6 10. Rc1 Bd6 11. Bc4 Qh5 12. O-O O-O 13. h3 Nd5 14. Ng5 Qxd1
15. Rfxd1 Rfd8 16. Bxd5 exd5 17. Nf3 Rac8 18. Rc3 Na5 19. Rdc1 Rxc3 20. Rxc3 Nc4
21. Rb3 b6 22. Nd2 f6 23. Kf1 Kf7 24. Rb5 Ke6 25. Nxc4 dxc4 26. Ke2 g6 27. Kd2
Kd7 28. Kc3 Rc8 29. a4 f5 30. d5 Be5+ 31. Bd4 Bxd4+ 32. Kxd4 Re8 33. f3 f4 34.
a5 Kc7 35. axb6+ axb6 36. Rb4 Re2 37. Rxc4+ Kd7 38. Rb4 Kc7 39. Rc4+ Kd7 40. Rc6
Rxb2 41. Ke5 Rxg2 42. Rxb6 Rg3 43. Rb7+ Kc8 44. Rxh7 Rxf3 45. Rf7 g5 46. h4 Re3+
47. Kd4 gxh4 48. Rxf4 Rh3 49. Rf7 Ra3 50. Rh7 h3 51. Ke5 Kd8 52. Ke6 Re3+ 53.
Kd6 Ke8 54. Kc7 Rc3+ 55. Kd6 Kf8 56. Kd7 Kg8 57. Rh4 Kg7 58. d6 Kg6 59. Ke6 Re3+
60. Kd5 Rd3+ 61. Ke5 Kg5 62. Rh8 Kg4 63. Ke6 Re3+ 64. Kf7 Rf3+ 65. Ke7 Re3+ 66.
Kf7 Rd3 67. Ke7 Re3+ 68. Kf7 Rf3+ 69. Ke6 Re3+ 70. Kf6 Rd3 71. Ke7 Kg3 72. d7 h2
73. Rxh2 Rxd7+ 74. Kxd7 Kxh2 1/2-1/2

[Event "PRO League Group Stage"]
[Site "chess.com INT"]
[Date "2018.02.14"]
[Round "6"]
[White "Pruijssers, Roeland"]
[Black "Kukk, Sander"]
[Result "1/2-1/2"]
[WhiteTitle "GM"]
[WhiteElo "2536"]
[BlackElo "2178"]
[WhiteTeam "Oslo Trolls"]
[BlackTeam "Estonia Horses"]
[WhiteFideId "1013068"]
[BlackFideId "4502094"]
[EventDate "2018.01.18"]

1. e4 g6 2. d4 Bg7 3. Nc3 d6 4. Be3 Nf6 5. f3 O-O 6. Qd2 e5 7. dxe5 dxe5 8.
O-O-O Qe7 9. g4 c6 10. h4 Be6 11. Nh3 Na6 12. Bxa6 bxa6 13. Na4 Rfd8 14. Qa5
Rxd1+ 15. Rxd1 h5 16. Ng5 hxg4 17. fxg4 Nxg4 18. Bc5 Qf6 19. Qxa6 Bh6 20. Qb7
Bxg5+ 21. hxg5 Qxg5+ 22. Kb1 Rd8 23. Rxd8+ Qxd8 24. b3 Qd7 25. Qxd7 Bxd7 26.
Bxa7 f5 27. exf5 gxf5 28. Nc5 Bc8 29. a4 Nf6 30. Bb8 e4 31. a5 Nd7 32. Nxd7 Bxd7
33. Bf4 Bc8 34. Kb2 Kf7 35. Kc3 Kg6 36. Kd4 Kh5 37. c4 Kg4 38. Ke3 Ba6 39. Bd6
Kg5 40. Be5 Kg4 41. Bf4 Kh3 42. Bb8 Kg4 43. Bc7 Kg5 44. Bf4+ Kg4 45. Bd6 Kg5 46.
Bh2 Kg4 47. Be5 Kg5 48. Bb8 Kg4 49. Bc7 Kg5 50. Bd6 Kg4 51. Be5 Kg5 52. Bh2 Kg4
53. Bf4 Kh4 54. Bh2 Kg4 55. Bd6 Kg5 56. Kd4 Kg4 57. Ke3 Kg5 58. Bb8 Kg4 59. Bf4
Kh4 60. Be5 Kg4 61. Bd6 1/2-1/2

[Event "PRO League Group Stage"]
[Site "chess.com INT"]
[Date "2018.02.14"]
[Round "6"]
[White "Kathmale, Sameer"]
[Black "Andreikin, Dmitry"]
[Result "1/2-1/2"]
[WhiteTitle "IM"]
[BlackTitle "GM"]
[WhiteElo "2300"]
[BlackElo "2712"]
[WhiteTeam "Mumbai Movers"]
[BlackTeam "Volga Stormbringers"]
[WhiteFideId "5024498"]
[BlackFideId "4158814"]
[EventDate "2018.01.18"]

1. e4 c5 2. Nf3 e6 3. d4 cxd4 4. Nxd4 Nc6 5. Nc3 a6 6. f4 Nxd4 7. Qxd4 b5 8. Be3
Bb7 9. O-O-O Rc8 10. Kb1 Nf6 11. e5 Nd5 12. Ne4 1/2-1/2

[Event "PRO League Group Stage"]
[Site "chess.com INT"]
[Date "2018.02.14"]
[Round "6"]
[White "Ter-Sahakyan, Samvel"]
[Black "Abdrlauf, Elham"]
[Result "1-0"]
[WhiteTitle "GM"]
[WhiteElo "2563"]
[BlackElo "2073"]
[WhiteTeam "Armenia Eagles"]
[BlackTeam "Norway Gnomes"]
[WhiteFideId "13302531"]
[BlackFideId "1533533"]
[EventDate "2018.01.18"]

1. e4 e5 2. Nf3 Nc6 3. Bb5 Nf6 4. d3 Bc5 5. c3 O-O 6. Bg5 d6 7. Nbd2 Bg4 8. h3
Be6 9. Qe2 a6 10. Ba4 b5 11. Bc2 d5 12. O-O h6 13. Bh4 g5 14. Bg3 Nh5 15. Kh1
Nf4 16. Bxf4 gxf4 17. Bb3 Qd6 18. exd5 Bxd5 19. Ne4 Bxe4 20. Qxe4 Kg7 21. Nh4
Ne7 22. Rae1 Rad8 23. Qxe5+ Qxe5 24. Rxe5 Bd6 25. Re4 f5 26. Re6 Rf6 27. Rfe1
Rxe6 28. Rxe6 Rf8 29. d4 Rf6 30. Re2 Ng6 31. Nf3 Rf8 32. Kg1 Rd8 33. Kf1 Nf8 34.
Ne5 Re8 35. Nc6 Rxe2 36. Kxe2 Kf6 37. Bd5 Nd7 38. b4 Bf8 39. Bb3 Bd6 40. a4 bxa4
41. Bxa4 Nb6 42. Bb3 Nd7 43. Bc4 1-0

[Event "PRO League Group Stage"]
[Site "chess.com INT"]
[Date "2018.02.14"]
[Round "6"]
[White "Ravuri, Vinesh"]
[Black "Wang, Yue"]
[Result "0-1"]
[BlackTitle "GM"]
[WhiteElo "1990"]
[BlackElo "2690"]
[WhiteTeam "San Jose Hackers"]
[BlackTeam "Chengdu Pandas"]
[WhiteFideId "45042632"]
[BlackFideId "8601429"]
[EventDate "2018.01.18"]

1. d4 Nf6 2. c4 e6 3. g3 c5 4. d5 exd5 5. cxd5 d6 6. Bg2 g6 7. Nc3 Bg7 8. Nf3
O-O 9. O-O Re8 10. Bf4 Nh5 11. Bg5 Nf6 12. Qd2 Nbd7 13. e4 Qb6 14. Rfe1 Ng4 15.
Rab1 Nde5 16. Nxe5 Nxe5 17. Bf4 Bd7 18. h3 Qb4 19. Qc2 b5 20. a3 Qa5 21. Kh1 b4
22. axb4 cxb4 23. Ne2 Rec8 24. Qd1 Qb6 25. Be3 Qb7 26. Nd4 Nc4 27. Bf4 Qb6 28.
Nc6 Bxc6 29. dxc6 Rxc6 30. Qe2 Rac8 31. b3 Ne5 32. Be3 Qc7 33. Ra1 Rc2 34. Qd1
Qc3 35. Rxa7 Qxb3 36. Qxd6 h5 37. Bd4 Nf3 38. Bxg7 Nxe1 39. Bd4 Rc1 40. Kh2 Nf3+ 0-1

[Event "PRO League Group Stage"]
[Site "chess.com INT"]
[Date "2018.02.14"]
[Round "6"]
[White "Ravuri, Vinesh"]
[Black "Xiao, Junyuan"]
[Result "0-1"]
[WhiteElo "1990"]
[BlackElo "2077"]
[WhiteTeam "San Jose Hackers"]
[BlackTeam "Chengdu Pandas"]
[WhiteFideId "45042632"]
[BlackFideId "8609160"]
[EventDate "2018.01.18"]

1. d4 Nf6 2. c4 c5 3. d5 b5 4. cxb5 a6 5. bxa6 Bxa6 6. Nc3 g6 7. e4 Bxf1 8. Kxf1
d6 9. g3 Bg7 10. Nf3 Nbd7 11. Kg2 O-O 12. a4 Ra6 13. Ra3 Qa8 14. h3 Ne8 15. Nb5
Nb6 16. b3 f5 17. exf5 Rxf5 18. Qe2 Nxd5 19. Rd1 Nec7 20. Nxc7 Nxc7 21. Rd3 e5
22. Rd1 Ne6 23. g4 Rf8 24. Kg3 e4 25. Ng5 Be5+ 26. Kg2 e3+ 27. Kg1 exf2+ 0-1

[Event "PRO League Group Stage"]
[Site "chess.com INT"]
[Date "2018.02.14"]
[Round "6"]
[White "Roberson, Peter T"]
[Black "Cooper, Lawrence H"]
[Result "1/2-1/2"]
[WhiteTitle "IM"]
[BlackTitle "IM"]
[WhiteElo "2412"]
[BlackElo "2347"]
[WhiteTeam "London Towers"]
[BlackTeam "London Lions"]
[WhiteFideId "412384"]
[BlackFideId "401536"]
[EventDate "2018.01.18"]

1. Nc3 Nf6 2. d4 d5 3. Bf4 c5 4. e3 a6 5. dxc5 Nc6 6. Nf3 Bg4 7. h3 Bxf3 8. Qxf3
e6 9. Bg5 Bxc5 10. O-O-O Bb4 11. Bxf6 Qxf6 12. Qxf6 gxf6 13. Ne2 Rc8 14. c3 Be7
15. Nd4 Ne5 16. Be2 O-O 17. a4 Nc4 18. g4 Rc7 19. Kc2 Nd6 20. Bd3 Rb8 21. Ra1 h6
22. Ra2 Rbc8 23. Rc1 Kg7 24. Kd2 Rh8 25. Rg1 Rhc8 26. f3 Nc4+ 27. Bxc4 Rxc4 28.
Kd3 R4c7 29. Rc1 Rh8 30. b3 Rhc8 31. Rac2 Ba3 32. Rg1 Bc5 33. h4 Bxd4 34. exd4
b5 35. axb5 axb5 36. Rgg2 Ra8 37. Ra2 Rca7 38. Rxa7 Rxa7 39. Rc2 Ra3 40. Rb2 Kg6
41. b4 Ra1 42. Rf2 f5 43. Rg2 fxg4 44. Rxg4+ Kf5 45. Rg7 Kf6 46. Rg8 Rh1 47. Rb8
Rxh4 48. Rxb5 Rh3 49. Ke3 Rh2 50. Rb8 Rc2 51. Kd3 Rf2 52. Ke3 Rc2 53. Kd3 Rf2
54. Ke3 Rc2 55. Kd3 Rf2 1/2-1/2

[Event "PRO League Group Stage"]
[Site "chess.com INT"]
[Date "2018.02.14"]
[Round "6"]
[White "Srija, Seshadri"]
[Black "Kovalenko, Igor"]
[Result "1/2-1/2"]
[WhiteTitle "WIM"]
[BlackTitle "GM"]
[WhiteElo "2203"]
[BlackElo "2635"]
[WhiteTeam "Delhi Dynamite"]
[BlackTeam "Riga Magicians"]
[WhiteFideId "5055903"]
[BlackFideId "14117908"]
[EventDate "2018.01.18"]

1. e4 c5 2. Nf3 d6 3. d4 cxd4 4. Nxd4 Nf6 5. Nc3 a6 6. Be2 e5 7. Nb3 Be7 8. Bg5
Be6 9. Bxf6 Bxf6 10. Qd3 Nc6 11. Rd1 Be7 12. O-O O-O 13. Nd5 Bg5 14. c4 Rc8 15.
g3 Kh8 16. f4 exf4 17. gxf4 Bh6 18. Kh1 f5 19. Bf3 Qh4 20. Bg2 fxe4 21. Qxe4
Bxd5 22. cxd5 Ne7 23. f5 Qxe4 24. Bxe4 Ng8 25. Nd4 Nf6 26. Bf3 Rfe8 27. Ne6 Rc2
28. Rb1 Kg8 29. a4 Rec8 30. Rg1 Rf2 31. Rg3 Rcc2 32. Rg2 Rxg2 33. Bxg2 Ng4 34.
b4 Be3 35. h3 Ne5 36. Be4 Rc4 37. Bg2 h5 38. Nd8 Rc7 39. Ne6 Rc2 40. b5 axb5 41.
axb5 b6 42. Ra1 h4 43. Be4 Rc4 44. f6 gxf6 45. Ra8+ Kf7 46. Ra7+ Ke8 47. Ra8+
Kd7 48. Bf5 Rc1+ 49. Kh2 Rf1 50. Nc5+ Ke7 51. Ra7+ Ke8 52. Ra8+ Kf7 53. Ra7+ Kg8
54. Ra8+ Kg7 55. Ne6+ Kf7 56. Ra7+ Ke8 57. Ra8+ Ke7 58. Ra7+ Ke8 59. Ra8+ Kd7
60. Nc5+ Ke7 61. Ra7+ Kd8 62. Ra8+ Ke7 63. Ra7+ Kf8 64. Ra8+ Kg7 65. Ne6+ Kf7
66. Ra7+ Ke8 67. Ra8+ Ke7 68. Ra7+ Nd7 69. Ng7 Rf2+ 70. Kh1 Rf1+ 71. Kh2 Rf2+
72. Kh1 Rf1+ 73. Kh2 Rf2+ 74. Kh1 Rf1+ 75. Kh2 Rf2+ 76. Kh1 Rf1+ 77. Kh2 1/2-1/2

[Event "PRO League Group Stage"]
[Site "chess.com INT"]
[Date "2018.02.14"]
[Round "6"]
[White "Stopa, Jacek"]
[Black "Kiewra, Keaton"]
[Result "1/2-1/2"]
[WhiteTitle "GM"]
[BlackTitle "IM"]
[WhiteElo "2427"]
[BlackElo "2382"]
[WhiteTeam "Las Vegas Desert Rats"]
[BlackTeam "San Diego Surfers"]
[WhiteFideId "1119591"]
[BlackFideId "2019280"]
[EventDate "2018.01.18"]

1. Nf3 d5 2. d4 Nf6 3. Bf4 c5 4. e3 Nc6 5. c3 Qb6 6. Qb3 c4 7. Qc2 Bf5 8. Qc1 e6
9. Nbd2 Qd8 10. Be2 h6 11. O-O Be7 12. b3 b5 13. a4 a6 14. Qb2 O-O 15. axb5 axb5
16. Rxa8 Qxa8 17. Ra1 Qc8 18. h3 Nd7 19. bxc4 bxc4 20. Bd1 Bd8 21. Bd6 Be7 22.
Bg3 Bd8 23. Qb5 Ndb8 24. e4 dxe4 25. Ne1 Bc7 26. Bxc7 Qxc7 27. Qxc4 Rc8 28. Bc2
Qf4 29. Qe2 Ne7 30. Nxe4 Bxe4 31. Qxe4 Qxe4 32. Bxe4 Rxc3 33. Ra8 Rc8 34. Nd3
Nd7 35. Ra7 Nf6 36. Rxe7 Nxe4 37. Ne5 f6 38. Ng4 1/2-1/2

[Event "PRO League Group Stage"]
[Site "chess.com INT"]
[Date "2018.02.14"]
[Round "6"]
[White "Kuybokarov, Temur"]
[Black "Sadorra, Julio Catalino"]
[Result "1/2-1/2"]
[WhiteTitle "IM"]
[BlackTitle "GM"]
[WhiteElo "2472"]
[BlackElo "2539"]
[WhiteTeam "Australia Kangaroos"]
[BlackTeam "Dallas Destiny"]
[WhiteFideId "14203049"]
[BlackFideId "5201268"]
[EventDate "2018.01.18"]

1. d4 e6 2. c4 f5 3. g3 Nf6 4. Bg2 d5 5. Nh3 Bd6 6. O-O O-O 7. Qc2 c6 8. Bf4 Be7
9. Nd2 h6 10. Bxb8 Rxb8 11. Nf4 Bd6 12. Nd3 Bd7 13. b4 Ne4 14. Nf3 Be8 15. c5
Bc7 16. Nfe5 Nf6 17. Rab1 Ng4 18. a4 Nxe5 19. dxe5 a6 20. f4 Rc8 21. Nc1 g5 22.
Nb3 Bd7 23. Nd4 Rf7 24. e3 Rg7 25. Qe2 Bb8 26. Rfc1 Ba7 27. Kh1 Qe7 28. Bf3 h5
29. Bxh5 g4 30. h3 gxh3 31. Kh2 Kh8 32. g4 fxg4 33. Bxg4 Rcg8 34. Rg1 Qh4 35.
Nf3 Qh6 36. Bxh3 Be8 37. Rxg7 Rxg7 38. Rg1 Rxg1 39. Nxg1 a5 40. Qb2 axb4 41.
Qxb4 Qh4 42. Qxb7 Bxc5 43. Qc8 Qe7 44. Bxe6 Bxe3 45. Nh3 Kg7 46. f5 Qh4 47. f6+
Kh6 48. Qxe8 Bf4+ 49. Kg2 Qg3+ 50. Kf1 Qd3+ 51. Kg2 Qg3+ 52. Kf1 Qd3+ 53. Kg1
Qg3+ 54. Kf1 Qd3+ 55. Kf2 Qe3+ 56. Kf1 Qd3+ 1/2-1/2

[Event "PRO League Group Stage"]
[Site "chess.com INT"]
[Date "2018.02.14"]
[Round "6"]
[White "Lopez, Jasel"]
[Black "Skuhala, Luka"]
[Result "1/2-1/2"]
[WhiteTitle "FM"]
[WhiteElo "2316"]
[BlackElo "2059"]
[WhiteTeam "Amsterdam Mosquitoes"]
[BlackTeam "Ljubljana Turtles"]
[WhiteFideId "15900045"]
[BlackFideId "14605678"]
[EventDate "2018.01.18"]

1. d4 Nf6 2. Bf4 e6 3. e3 d5 4. c3 Bd6 5. Bg3 O-O 6. Nd2 c5 7. Bd3 Nc6 8. Ngf3
b6 9. O-O Qc7 10. dxc5 bxc5 11. e4 Bxg3 12. hxg3 Rb8 13. Rb1 Rd8 14. Qe2 h6 15.
Rfe1 d4 16. e5 Nd7 17. Qe4 Nf8 18. Nc4 Ba6 19. Nfd2 Rd5 20. Rbd1 Rbd8 21. Bc2
dxc3 22. bxc3 Nxe5 23. Nxe5 Rxd2 24. Rxd2 Rxd2 25. Bb1 Bb7 26. Qa4 Ba8 27. Qe8
Rd8 28. Qa4 Rd5 29. Nc4 Rd8 30. Ne5 Nd7 31. Nf3 Nf6 32. Ne5 Qd6 33. Bc2 a6 34.
Rd1 Qc7 35. Rxd8+ Qxd8 36. Qxa6 Be4 37. Qa4 Bxc2 38. Qxc2 Qd5 39. Nf3 c4 40. Qd2
Qb5 41. Qc2 Nd5 42. Nd4 Qa5 43. Ne2 g6 44. g4 Kg7 45. Qd2 Qb5 46. Qc2 Qa5 47.
Qd2 Kg8 48. Qb2 Kg7 49. a3 Qa4 50. Qa1 Qc2 51. Nd4 Qxc3 52. Qxc3 Nxc3 53. Kf1
Kf6 54. Nc6 Na4 55. Ke2 e5 56. Na5 c3 57. Kd3 Ke6 58. Nc6 f5 59. gxf5+ gxf5 60.
Nb4 h5 61. Kc4 h4 62. Kb3 Nc5+ 63. Kxc3 f4 64. f3 e4 65. Nc2 exf3 66. Nd4+ Ke5
67. Nxf3+ Ke4 68. Nxh4 Ke3 69. Ng6 Ne4+ 70. Kb4 Nd6 71. a4 Nb7 72. Kb5 Nd6+ 73.
Kc5 Nb7+ 74. Kb6 Nd6 75. Kc5 Nb7+ 76. Kd5 Na5 77. Ke5 f3 78. gxf3 Kxf3 79. Kd4
Kg4 80. Kc5 Kf5 81. Kb5 Nb3 82. Kc4 Na5+ 83. Kb4 Nb7 84. Ne7+ Ke6 85. Nc8 Kd7
86. Nb6+ Kc7 87. Nc4 Kb8 88. Kb5 Ka7 89. Na5 Nxa5 90. Kxa5 Kb7 91. Kb5 1/2-1/2

[Event "PRO League Group Stage"]
[Site "chess.com INT"]
[Date "2018.02.14"]
[Round "6"]
[White "Hua, Lefong"]
[Black "Chen, Forest"]
[Result "1-0"]
[WhiteTitle "FM"]
[WhiteElo "2305"]
[BlackElo "2107"]
[WhiteTeam "Montreal Chessbrahs"]
[BlackTeam "Saint Louis Arch Bishops"]
[WhiteFideId "2602253"]
[BlackFideId "30908205"]
[EventDate "2018.01.18"]

1. d4 d5 2. c4 e6 3. Nc3 Bb4 4. Nf3 Nf6 5. cxd5 exd5 6. Bg5 Nbd7 7. e3 c5 8. Bd3
Qa5 9. O-O O-O 10. dxc5 Bxc3 11. bxc3 Ne4 12. Bf4 Ndxc5 13. Be5 Bg4 14. Be2 Rfd8
15. h3 Bh5 16. Bd4 Nxc3 17. Bxc3 Qxc3 18. Rc1 Qa5 19. Qd4 Ne6 20. Qb2 b6 21.
Rfd1 Rac8 22. Rxc8 Rxc8 23. Qe5 Bg6 24. Qxd5 Qxd5 25. Rxd5 Rc2 26. Nd4 Rd2 27.
Bc4 Be4 28. Re5 Bd3 29. Bb3 Bb1 30. Nxe6 fxe6 31. a4 Ba2 32. Bxe6+ Bxe6 33. Rxe6
Ra2 34. Re4 Kf7 35. g4 a5 36. Rc4 Rb2 37. Kf1 Ke6 38. Ke1 Kd6 39. g5 Rb1+ 40.
Ke2 Rb2+ 41. Ke1 Rb1+ 42. Ke2 Rb2+ 43. Kf3 g6 44. h4 Rb3 45. Ke4 Rb2 46. f3 Rh2
47. Kd3 Rb2 48. f4 Rh2 49. Rd4+ Ke6 50. Rd8 Ra2 51. Rb8 Ra3+ 52. Ke2 Rb3 53. Rb7
Rb4 54. Kd3 Rb3+ 55. Ke4 Rb4+ 56. Kf3 Rxa4 57. Rxb6+ Kf7 58. Ra6 Ra1 59. Ra7+
Kg8 60. Ke4 a4 61. Ke5 Kf8 62. e4 a3 63. f5 gxf5 64. exf5 a2 65. Kf6 Ke8 66. h5
Rh1 67. Rxa2 Rxh5 68. Ra8+ Kd7 69. Rh8 Rh1 70. g6 Ra1 71. Rxh7+ Ke8 72. Re7+ Kd8
73. Re6 Rg1 74. g7 Kd7 75. Re2 Rg4 76. Kf7 Rg5 77. f6 1-0

[Event "PRO League Group Stage"]
[Site "chess.com INT"]
[Date "2018.02.14"]
[Round "6"]
[White "Hilby, Craig"]
[Black "Khachiyan, Melikset"]
[Result "1/2-1/2"]
[WhiteTitle "IM"]
[BlackTitle "GM"]
[WhiteElo "2390"]
[BlackElo "2522"]
[WhiteTeam "San Diego Surfers"]
[BlackTeam "Las Vegas Desert Rats"]
[WhiteFideId "2062674"]
[BlackFideId "13300512"]
[EventDate "2018.01.18"]

1. d4 g6 2. c4 Bg7 3. Nf3 Nf6 4. Nc3 O-O 5. e4 d6 6. Be2 Bg4 7. Ng1 Bc8 8. Nf3
Bg4 9. Ng1 Bc8 10. Nf3 a6 11. O-O Bg4 12. Be3 Nfd7 13. Rc1 c5 14. d5 Bxf3 15.
Bxf3 b5 16. Be2 b4 17. Na4 Nb6 18. Nxb6 Qxb6 19. Qd2 Re8 20. Kh1 e5 21. g3 Nd7
22. Bf3 Nf6 23. Qe2 h5 24. Bg2 Qc7 25. Rce1 Qd7 26. Bg5 Kh7 27. Qd3 Ng8 28. Bc1
Re7 29. f4 exf4 30. gxf4 Rae8 31. e5 dxe5 32. f5 Nf6 33. Bg5 e4 34. Qg3 gxf5 35.
Bh3 Re5 36. Qh4 Ng4 37. Qxh5+ Kg8 38. Bf4 e3 39. Bxe5 Rxe5 40. Bxg4 fxg4 41. Qh4
Re4 42. b3 e2 43. Rf2 Qe8 44. Qg5 Kf8 45. Qd2 Bc3 46. Qh6+ Kg8 47. Qg5+ Kf8 48.
Qh6+ Kg8 49. Qg5+ 1/2-1/2